000
00291nam a2200121Ia 4500
008
150201s2005 xx 000 0 und d
082
_a
616.07
_b
C05S
100
_a
SANYAL,SABITRI
245
_a
CLLINICAL PATHOLOGY
260
_b
ELSEVIER
_a
DELHI
_c
2005
650
_a
PATHOLOGY
942
_2
ddc
_c
BK
_0
5
999
_c
989
_d
989